Mathematics for Everyday Life 12/ (Record no. 14810)

000 -LEADER
fixed length control field 00752nam a22002177a 4500
008 - FIXED-LENGTH DATA ELEMENTS--GENERAL INFORMATION
fixed length control field 161008b xxu||||| |||| 00| 0 eng d
020 ## - INTERNATIONAL STANDARD BOOK NUMBER
International Standard Book Number 0772529280
050 ## - LIBRARY OF CONGRESS CALL NUMBER
Classification number QA 39.2 .M2933 2002
100 ## - MAIN ENTRY--PERSONAL NAME
Personal name Carli, Enzo
245 ## - TITLE STATEMENT
Title Mathematics for Everyday Life 12/
Statement of responsibility, etc. Enzo Carli, Sandra Emms Jones, Alexis Galvao, Peter Joong, Arnie Niederhoffer and Loraine Wilson
260 ## - PUBLICATION, DISTRIBUTION, ETC. (IMPRINT)
Place of publication, distribution, etc. Toroto, Canada:
Name of publisher, distributor, etc. Irwin Publishing,
Date of publication, distribution, etc. 2003
300 ## - PHYSICAL DESCRIPTION
Extent xi, 220p. :
Other physical details ill. ;
500 ## - GENERAL NOTE
General note Includes index.
650 ## - SUBJECT ADDED ENTRY--TOPICAL TERM
Topical term or geographic name as entry element Finance, Personal
General subdivision Mathematics
700 ## - ADDED ENTRY--PERSONAL NAME
Personal name Jones, Sandra Emms
700 ## - ADDED ENTRY--PERSONAL NAME
Personal name Galvao, Alexis
700 ## - ADDED ENTRY--PERSONAL NAME
Personal name Joong, Peter
700 ## - ADDED ENTRY--PERSONAL NAME
Personal name Niederhoffer, Arnie
700 ## - ADDED ENTRY--PERSONAL NAME
Personal name Wilson, Loraine
942 ## - ADDED ENTRY ELEMENTS (KOHA)
Source of classification or shelving scheme
Koha item type Hard Covered Materials
Classification part QA 39.2 .M2933 2002
Holdings
Withdrawn status Lost status Source of classification or shelving scheme Damaged status Not for loan Home library Current library Shelving location Date acquired Source of acquisition Total Checkouts Full call number Barcode Date last seen Price effective from Koha item type
          MACHAKOS UNIVERSITY LIBRARY MACHAKOS UNIVERSITY LIBRARY Technical section 08/10/2016 Donation (BFA)   QA 39.2 .M2933 2002 26430 10/07/2018 08/10/2016 Hard Covered Materials
© Machakos University Library, Along The Highway, Machakos Wote Rd, Machakos, Kenya P.O. Box 136 - 90100 Machakos - Kenya

Tel: ( +254 ) 723 805829 OR Fax : 044-20353 OR Email: library@mksu.ac.ke